=LDR 00000nam 2200000 4500 =001 INLIS000000000045673 =005 20150209080823.0 =006 =007 =008 =020 ##$$a 978-6023-11-280 =035 ##$$0010-021500000000233 =040 ##$$a NBPDMAT =082 ##$$a 665.3 =090 ##$$a 665.3 $b Jim b =100 ##$$a Jim Pipe =245 ##$$a Bahan Bakar Hayati $b Ancaman Terhadap Bahan Pangan ? / $c Jim Pipe ; Alih Bahasa Renata Pohan =260 ##$$a Jakarta $b Gading Inti Prima $c 2013 =300 ##$$a iv, 54 hlm $b Ilus $c 25 Cm =500 ##$$a Bibliografi : hal. 53 =650 ##$$a Bahan Bakar Hayati =700 ##$$a Renata Pohan